Estudios del discurso en América Latina: homenaje a Anamaría Harvey
保存先:
| 主要な著者: | , , |
|---|---|
| その他の著者: | |
| フォーマット: | 図書 |
| 言語: | スペイン語 |
| 出版事項: |
Bogotá
Proceditor
2013
|
| 版: | 1a. ed |
| 主題: | |
| タグ: |
タグ追加
タグなし, このレコードへの初めてのタグを付けませんか!
|
MARC
| LEADER | 00000cam a2200000 a 4500 | ||
|---|---|---|---|
| 001 | UCE4607 | ||
| 003 | CL-VaPUC | ||
| 008 | 141107e20130000ck |||||||||||||||||spa|d | ||
| 020 | |a 9789584631657 | ||
| 082 | 0 | 4 | |a 401.41 |b PAR |2 21 |
| 100 | |a Pardo Abril, Neyla Graciela |e autora |9 577153 | ||
| 700 | 0 | |a García, Denize E |e author |9 577154 | |
| 700 | |a Oteíza Silva, Teresa |e autora |9 879358 | ||
| 700 | 0 | |a Asqueta C., María C |e author |9 577156 | |
| 245 | 1 | 0 | |a Estudios del discurso en América Latina: homenaje a Anamaría Harvey |
| 250 | |a 1a. ed | ||
| 300 | |a 791 p | ||
| 942 | |c BK | ||
| 945 | |d 20141107 12:15:00 |a dcastane | ||
| 260 | |a Bogotá |b Proceditor |c 2013 | ||
| 650 | 0 | |a Análisis del discurso |9 256696 | |
| 650 | 0 | |a Lingüística |9 265068 | |
| 650 | 0 | |a Semiótica |9 265317 | |
| 583 | |a last modification |c 20141107 12:15:00 |k Rodrigo Vera | ||
| 999 | |c 357488 |d 357486 | ||
| 952 | |0 0 |1 0 |3 erb |4 0 |6 401_410000000000000_PAR_2013 |7 0 |8 A |9 465493 |a FDOPOS |b FDOPOS |i 5122473 |o 401.41 PAR 2013 |p 5122473 |r 2025-01-22 |w 2019-11-23 |y BK |z Catalogado en:20141107 |k DLA | ||